Sir Arthur Conan Doyle or Sherlock Holmes - Statistics

General Stats
  • This quiz has been taken 131 times
  • The average score is 10 of 15
Answer Stats
Question Answer % Correct
Battled wits with Irene Adler. Sherlock Holmes
100%
Died July 7, 1930 at age 71. Sir Arthur Conan Doyle
100%
Faked his own death. Sherlock Holmes
92%
Attended University of Edinburgh Medical School. Sir Arthur Conan Doyle
92%
Plays the violin. Sherlock Holmes
88%
Had 10 siblings. Sir Arthur Conan Doyle
81%
Defended George Edalji and helped establish a way to correct miscarriages of justice. Sir Arthur Conan Doyle
81%
Voiced support for the claim that 2 young girls photographed actual fairies. Sir Arthur Conan Doyle
69%
Retired to a small farm on the Sussex Downs and took up beekeeping. Sherlock Holmes
65%
Founded the Crimes Club in 1903. Sir Arthur Conan Doyle
65%
Said "if the little grey cells are not exercised, they grow the rust". Neither
50%
Born in 1854. Sherlock Holmes
46%
Born in 1859. Sir Arthur Conan Doyle
42%
Struggled with financial difficulties. Both
27%
Took a Great Hiatus from 1891 to 1894. Sherlock Holmes
27%
No matching quizzes found
Score Distribution
Percent of People with Each Score
Percentile by Number Answered
Your Score History
You have not taken this quiz